000 00535cam a22002171 4500
001 ne 63001256
003 DLC
005 20260227111747.0
008 881028s1962 xx f 000 0 ara
010 _ane 63001256
035 _a(OCoLC)23509654
040 _aDLC
_cMiU
_dDLC
043 _af-ua---
050 0 0 _aPJ8204
_b.T3
100 1 _aṬanāḥī, Ṭāhir.
245 1 0 _aḤadīqat al-udabāʼ.
260 _c[1962?]
300 _a196 p.
_bcol. plates.
_c24 cm.
500 _aRomanized.
650 0 _aAuthors, Arab
_zEgypt.
999 _c46012
_d46012